Introducción al estructuralismo / (Record no. 83499)

MARC details
000 -LEADER
campo de control de longitud fija 00779nam a2200241 i 4500
001 - NÚMERO DE CONTROL
campo de control 83499
003 - IDENTIFICADOR DE NÚMERO DE CONTROL
campo de control ES-MaACL
007 - CAMPO FIJO DE DESCRIPCIÓN FÍSICA--INFORMACIÓN GENERAL
campo de control de longitud fija t|
008 - DATOS DE LONGITUD FIJA--INFORMACIÓN GENERAL
campo de control de longitud fija 041117s1969 ag ||||1| spa d
080 ## - NÚMERO DE LA CLASIFICACIÓN DECIMAL UNIVERSAL
Número de la Clasificación Decimal Universal 165.75
245 00 - MENCIÓN DEL TÍTULO
Título Introducción al estructuralismo /
Mención de responsabilidad, etc. G. Lantéri-Laura...[et al.] ; introducción y selección de José Sazbón.
260 ## - PUBLICACIÓN, DISTRIBUCIÓN, ETC.
Lugar de publicación, distribución, etc. Buenos Aires :
Nombre del editor, distribuidor, etc. Nueva Visión,
Fecha de publicación, distribución, etc. [1969]
300 ## - DESCRIPCIÓN FÍSICA
Extensión 191 p. ;
Dimensiones 20 cm.
490 1# - MENCIÓN DE SERIE
Mención de serie El pensamiento estructuralista
504 ## - NOTA DE BIBLIOGRAFÍA, ETC.
Nota de bibliografía, etc. Incluye referencias bibliográficas
650 #4 - PUNTO DE ACCESO ADICIONAL DE MATERIA--TÉRMINO DE MATERIA
9 (RLIN) 12567
Término de materia o nombre geográfico como elemento de entrada Estructuralismo
700 1# - ENTRADA AGREGADA--NOMBRE PERSONAL
Nombre de persona Lantéri-Laura, G.
9 (RLIN) 70100
700 1# - ENTRADA AGREGADA--NOMBRE PERSONAL
Nombre de persona Sazbón, José.
9 (RLIN) 104120
830 0# - PUNTO DE ACCESO ADICIONAL DE SERIE-TÍTULO UNIFORME
Título uniforme El pensamiento estructuralista
9 (RLIN) 183805
852 ## - LOCALIZACIÓN
Ubicación ES-MaACL
Número de control de estantería E-8644
Sublocalización o colección R.93054
942 ## - ELEMENTOS DE ENTRADA SECUNDARIOS (KOHA)
Fuente del sistema de clasificación o colocación Clasificación decimal universal
Holdings
Estatus retirado Estado de pérdida Estado de daño No para préstamo Biblioteca de origen Biblioteca actual Ubicación en estantería Fecha de adquisición Fuente de adquisición Total de préstamos Signatura topográfica completa Código de barras Visto por última vez Precio de reemplazo Tipo de ítem Koha
        Biblioteca del Ateneo de Madrid Biblioteca del Ateneo de Madrid Depósito 2 17/01/2008     E-8644 1087272 23/02/2023 23/02/2023 Libro impreso